[Event "Brandenburg-ch Seniors 17th"]
[Site "Rowy"]
[Date "2008.06.29"]
[Round "6"]
[White "Anlauf, Wolfgang"]
[Black "Graf, Wolfgang"]
[Result "1-0"]
[WhiteElo "1577"]
[BlackElo "1284"]
[PlyCount "41"]
[EventDate "2008.06.23"]
[EventType "swiss"]
[EventRounds "9"]
[EventCountry "POL"]
[SourceTitle "EXT 2022"]
[Source "ChessBase"]
[SourceDate "2021.10.06"]
[SourceVersion "1"]
[SourceVersionDate "2021.10.06"]
[SourceQuality "1"]

1. b4 d5 2. Bb2 a6 3. a4 b6 4. e3 Bb7 5. d4 Nf6 6. Nf3 e6 7. b5 a5 8. Be2 Bd6 9. Nbd2 c6 10. c4 0-0 11. Rc1 dxc4 12. Bxc4 cxb5 13. Bxb5 Ba6 14. Qe2 Bxb5 15. Qxb5 Nbd7 16. 0-0 Rc8 17. Rxc8 Qxc8 18. Rc1 Qb8 19. e4 Bb4 20. e5 Bxd2 21. Nxd2 1-0

[Event "Brandenburg-ch Seniors 17th"]
[Site "Rowy"]
[Date "2008.06.23"]
[Round "1"]
[White "Graf, Wolfgang"]
[Black "Wiszniowski, Eugeniusz"]
[Result "1-0"]
[WhiteElo "1284"]
[BlackElo "1555"]
[PlyCount "59"]
[EventDate "2008.06.23"]
[EventType "swiss"]
[EventRounds "9"]
[EventCountry "POL"]
[SourceTitle "EXT 2022"]
[Source "ChessBase"]
[SourceDate "2021.10.06"]
[SourceVersion "1"]
[SourceVersionDate "2021.10.06"]
[SourceQuality "1"]

1. e4 d6 2. Nc3 Nf6 3. d4 c6 4. e5 dxe5 5. dxe5 Qxd1+ 6. Nxd1 Ng4 7. Bf4 Nd7 8. h3 Ngxe5 9. Nc3 Ng6 10. Bh2 e5 11. a3 Bc5 12. Ne4 Be7 13. 0-0-0 0-0 14. Be2 Nb6 15. Nc3 Be6 16. Nf3 f6 17. Bd3 Nd5 18. Nxd5 cxd5 19. Bxg6 hxg6 20. g4 Rfc8 21. Rhe1 Bc5 22. Bg3 Bf7 23. g5 Rc6 24. gxf6 gxf6 25. h4 Rac8 26. Rd2 Bf8 27. Kb1 d4 28. Nh2 Bh6 29. f4 g5 30. Nf3 1-0

[Event "Rowy Jantar op"]
[Site "Rowy"]
[Date "2005.06.29"]
[Round "9"]
[White "Huth, Heinz"]
[Black "Graf, Wolfgang"]
[Result "1-0"]
[WhiteElo "1754"]
[BlackElo "1324"]
[PlyCount "47"]
[EventDate "2005.06.20"]
[EventType "swiss"]
[EventRounds "9"]
[EventCountry "POL"]
[SourceTitle "EXT 2007"]
[Source "ChessBase"]
[SourceDate "2006.11.23"]
[SourceVersion "1"]
[SourceVersionDate "2006.11.23"]
[SourceQuality "1"]

1. d4 d5 2. c4 c6 3. e3 Nf6 4. Nc3 e6 5. Nf3 a6 6. Be2 Bd6 7. 0-0 b6 8. b3 Qc7 9. Bb2 Ng4 10. g3 h5 11. e4 f6 12. e5 fxe5 13. dxe5 Nxe5 14. Nxe5 Bxe5 15. Bxh5+ Ke7 16. Qf3 Kd6 17. Rad1 Qe7 18. Ne4+ Kc7 19. Bxe5+ Kb7 20. Nd2 Nd7 21. Bb2 Qg5 22. Bg4 Rf8 23. Qe2 Nf6 24. Bxe6 1-0

[Event "Rowy Jantar op"]
[Site "Rowy"]
[Date "2005.06.24"]
[Round "4"]
[White "Graf, Wolfgang"]
[Black "Kocik, Genowefa"]
[Result "1/2-1/2"]
[WhiteElo "1324"]
[BlackElo "1800"]
[PlyCount "74"]
[EventDate "2005.06.20"]
[EventType "swiss"]
[EventRounds "9"]
[EventCountry "POL"]
[SourceTitle "EXT 2007"]
[Source "ChessBase"]
[SourceDate "2006.11.23"]
[SourceVersion "1"]
[SourceVersionDate "2006.11.23"]
[SourceQuality "1"]

1. e4 e5 2. Nf3 Nc6 3. a3 Nf6 4. Nc3 Bc5 5. h3 a6 6. Bc4 h6 7. d3 Qe7 8. Bd2 Nd4 9. Be3 d6 10. Nxd4 exd4 11. Ne2 b5 12. Ba2 Bb6 13. Bxd4 Bxd4 14. Nxd4 Bd7 15. 0-0 c5 16. Nf5 Bxf5 17. exf5 0-0 18. Re1 Qc7 19. Qd2 d5 20. Re2 Rfe8 21. Rae1 Rxe2 22. Rxe2 c4 23. dxc4 dxc4 24. c3 Rd8 25. Qe1 Kf8 26. Rd2 Rxd2 27. Qxd2 Qd7 28. Qc2 Qd3 29. Bb1 Qxc2 30. Bxc2 a5 31. Kf1 Nd5 32. Ke2 f6 33. Be4 Nc7 34. Ke3 Ke7 35. Kd4 Kd6 36. g4 a4 37. f4 Ne8 1/2-1/2

[Event "Brandenburg-ch Seniors 07th"]
[Site "Uckley"]
[Date "1999.??.??"]
[Round "6"]
[White "Feige, Erich"]
[Black "Graf, Wolfgang"]
[Result "1-0"]
[WhiteElo "1681"]
[BlackElo "1407"]
[PlyCount "34"]
[EventDate "1999.06.??"]
[EventType "swiss"]
[EventRounds "7"]
[EventCountry "GER"]
[SourceTitle "EXT 2006"]
[Source "ChessBase"]
[SourceDate "2005.11.24"]
[SourceVersion "1"]
[SourceVersionDate "2005.11.24"]
[SourceQuality "1"]

1. d4 d5 2. Nf3 Nc6 3. e3 a6 4. a3 Nf6 5. c4 dxc4 6. Bxc4 e6 7. Nc3 Bd6 8. e4 Be7 9. h3 h6 10. Be3 Na5 11. Ba2 b5 12. b4 Nb7 13. Qc2 Nh7 14. Rd1 0-0 15. Bb1 f5 16. Ne5 f4 17. Bc1 g5 1-0

[Event "Brandenburg-ch Seniors 07th"]
[Site "Uckley"]
[Date "1999.??.??"]
[Round "1"]
[White "Graf, Wolfgang"]
[Black "Petersohn, Horst"]
[Result "0-1"]
[WhiteElo "1407"]
[BlackElo "1767"]
[PlyCount "41"]
[EventDate "1999.06.??"]
[EventType "swiss"]
[EventRounds "7"]
[EventCountry "GER"]
[SourceTitle "EXT 2006"]
[Source "ChessBase"]
[SourceDate "2005.11.24"]
[SourceVersion "1"]
[SourceVersionDate "2005.11.24"]
[SourceQuality "1"]

1. e4 c5 2. Bc4 e6 3. Nc3 a6 4. a3 Nc6 5. Nf3 d5 6. exd5 exd5 7. Qe2+ Be7 8. Bxd5 Nd4 9. Qd3 Bf5 10. Be4 Bxe4 11. Qxe4 Nf6 12. Qd3 0-0 13. Nxd4 cxd4 14. Ne4 Re8 15. 0-0 Nxe4 16. Qxe4 Bxa3 17. Qxb7 Re7 18. Qf3 Bc5 19. d3 Re6 20. Bd2 Rb8 21. b3 0-1